Statistics for Britain by Picture - 5

Click here to take the quiz!

General Stats

  • This quiz has been taken 204 times
    (118 since last reset)
  • The average score is 13 of 20

Answer Stats

Answer% Correct
Charlie Chaplin
90%
David Bowie
90%
Olympics
88%
The Tube
85%
Curling
79%
Gromit
77%
Kippers
70%
Cheese
69%
{Highlands} & Islands
67%
Gretna Green
65%
Trafalgar Square
64%
Land's End
62%
{Eden} Project
60%
Domesday Book
57%
Grand National
57%
Sir Walter Raleigh
57%
Thunderbirds
54%
Cardiff
51%
Buxton
10%
Mons Meg
5%

Score Distribution

Percentile by Number Answered

Percent of People with Each Score

Your Score History

You have not taken this quiz since the last reset